Policy, persistence, and patience; (Record no. 90099)

MARC details
000 -LEADER
fixed length control field 01245cam a22002771 4500
001 - CONTROL NUMBER
control field sd 65000002
003 - CONTROL NUMBER IDENTIFIER
control field DLC
005 - DATE AND TIME OF LATEST TRANSACTION
control field 20260227112737.0
008 - FIXED-LENGTH DATA ELEMENTS--GENERAL INFORMATION
fixed length control field 771006s1965 dcu f000 0 eng c
010 ## - LIBRARY OF CONGRESS CONTROL NUMBER
LC control number sd 65000002
035 ## - SYSTEM CONTROL NUMBER
System control number (OCoLC)3321779
040 ## - CATALOGING SOURCE
Original cataloging agency U. S. Dept. of State
Transcribing agency MH
Modifying agency OCoLC
-- DLC
042 ## - AUTHENTICATION CODE
Authentication code premarc
050 00 - LIBRARY OF CONGRESS CALL NUMBER
Classification number E841
Item number .R78
100 1# - MAIN ENTRY--PERSONAL NAME
Personal name Rusk, Dean,
Dates associated with a name 1909-1994.
245 10 - TITLE STATEMENT
Title Policy, persistence, and patience;
Remainder of title an interview with Secretary of State Dean Rusk.
260 ## - PUBLICATION, DISTRIBUTION, ETC.
Place of publication, distribution, etc. [Washington,
Name of publisher, distributor, etc. Dept. of State; for sale by the Superintendent of Documents, U.S. Govt. Print. Off.,
Date of publication, distribution, etc. 1965]
300 ## - PHYSICAL DESCRIPTION
Extent 32 p.
Dimensions 19 cm.
490 1# - SERIES STATEMENT
Series statement [United States] Dept. of State. Publication 7809. General foreign policy series,
Volume/sequential designation 199
500 ## - GENERAL NOTE
General note "Transcript with minor editorial changes, of a National Broadcasting Company television program, 'A Conversation with Dean Rusk,' which was broadcast on January 3, 1965."
651 #0 - SUBJECT ADDED ENTRY--GEOGRAPHIC NAME
Geographic name United States
General subdivision Foreign relations
Chronological subdivision 1961-1963.
651 #0 - SUBJECT ADDED ENTRY--GEOGRAPHIC NAME
Geographic name United States
General subdivision Foreign relations
Chronological subdivision 1963-1969.
650 #0 - SUBJECT ADDED ENTRY--TOPICAL TERM
Topical term or geographic name entry element World politics
Chronological subdivision 1955-1965.
730 0# - ADDED ENTRY--UNIFORM TITLE
Uniform title Conversation with Dean Rusk (Television program)
810 1# - SERIES ADDED ENTRY--CORPORATE NAME
Corporate name or jurisdiction name as entry element United States.
Subordinate unit Department of State.
Title of a work General foreign policy series ;
Volume/sequential designation 199.

No items available.

Powered by Koha